Similar and Confusing Country Shapes - Statistics

General Stats
  • This quiz has been taken 762 times
  • The average score is 32 of 61
Answer Stats
Picture Answer % Correct
Sri Lanka
96%
Sweden
90%
Benin
87%
Portugal
87%
Gambia
86%
Taiwan
81%
Kosovo
77%
Malawi
75%
Togo
75%
Costa Rica
73%
Ethiopia
73%
Guyana
73%
Slovakia
72%
Jamaica
70%
Ghana
69%
Luxembourg
67%
Poland
67%
Montenegro
66%
East Timor
64%
Liberia
63%
Qatar
63%
Belize
60%
Lithuania
59%
Zimbabwe
57%
North Macedonia
56%
Nauru
54%
Maldives
51%
El Salvador
50%
Lebanon
50%
Saint Kitts and Nevis
49%
Suriname
49%
Bahamas
47%
Bhutan
47%
Saint Lucia
45%
Sierra Leone
45%
San Marino
44%
Antigua and Barbuda
42%
Fiji
42%
Uruguay
42%
Andorra
39%
Barbados
39%
Solomon Islands
39%
Vanuatu
38%
Cape Verde
37%
Comoros
37%
Lesotho
37%
Samoa
37%
F.S. Micronesia
36%
Dominica
35%
Rwanda
35%
St. Vincent and the Grenadines
35%
Kiribati
34%
Eswatini
33%
São Tomé and Príncipe
33%
Palau
32%
Marshall Islands
30%
Grenada
29%
Tuvalu
28%
Seychelles
27%
Tonga
26%
Mauritius
24%
No matching quizzes found
Score Distribution
Percent of People with Each Score
Percentile by Number Answered
Your Score History
You have not taken this quiz